000
00268nam a2200109Ia 4500
008
200302s9999 xx 000 0 und d
100
_a
Jacobo Kraul and Other
245
_a
Office interiors
260
_b
Carles Broto & Josep Ma Minguet
260
_c
2003
300
_a
175
999
_c
6414
_d
6414